[Event "Montreal Mercredi 11"]
[Site "Montreal"]
[Date "2014.12.17"]
[Round "5"]
[White "Morin, Louis"]
[Black "Cloutier, Mathieu"]
[Result "0-1"]
[WhiteElo "1972"]
[BlackElo "1992"]
[PlyCount "140"]
[EventDate "2014.11.19"]
[EventType "swiss"]
[EventRounds "5"]
[EventCountry "CAN"]
[SourceTitle "EXT 2022"]
[Source "ChessBase"]
[SourceDate "2021.10.06"]
[SourceVersion "1"]
[SourceVersionDate "2021.10.06"]
[SourceQuality "1"]

1. e4 c5 2. d4 cxd4 3. c3 e5 4. Nf3 Nc6 5. Bc4 Nf6 6. 0-0 Nxe4 7. cxd4 d5 8. Bb5 exd4 9. Nxd4 Bd7 10. Nc3 Nxc3 11. bxc3 Be7 12. Re1 0-0 13. Qa4 Bf6 14. Ba3 Re8 15. Nxc6 bxc6 16. Bxc6 Bxc6 17. Qxc6 Rxe1+ 18. Rxe1 Rc8 19. Qb7 Bxc3 20. Re7 Bf6 21. Rxf7 Qe8 22. g3 Rb8 23. Qc7 Be5 24. Rf8+ Qxf8 25. Qxe5 Rb1+ 26. Kg2 Qf7 27. Bb2 h6 28. Qc3 d4 29. Qc8+ Kh7 30. Qc2+ Qg6 31. Qxg6+ Kxg6 32. Bxd4 a6 33. a3 Rb3 34. Bc5 Kf5 35. Bf8 g6 36. h4 h5 37. f3 a5 38. Kf2 a4 39. Ke2 Ke6 40. Kf2 Rb2+ 41. Ke3 Rg2 42. Kf4 Kd5 43. Bg7 Kc4 44. g4 Kb3 45. gxh5 gxh5 46. Bf8 Kc4 47. Ke5 Re2+ 48. Kf4 Re8 49. Bd6 Re6 50. Bb4 Rb6 51. Be7 Rb7 52. Bf6 Rf7 53. Kg5 Kb3 54. Kg6 Rxf6+ 55. Kxf6 Kxa3 56. Ke7 Kb4 57. f4 a3 58. f5 a2 59. f6 a1Q 60. f7 Qe5+ 61. Kf8 Qg3 62. Ke8 Qg6 63. Ke7 Qe4+ 64. Kd7 Qg4+ 65. Ke8 Qe6+ 66. Kf8 Kc4 67. Kg7 Qe7 68. Kg8 Kd5 69. f8Q Qxf8+ 70. Kxf8 Ke6 0-1

[Event "Montreal Mercredi 11"]
[Site "Montreal"]
[Date "2014.12.03"]
[Round "3"]
[White "Cloutier, Mathieu"]
[Black "Pomerantz, Daniel"]
[Result "1-0"]
[WhiteElo "1992"]
[BlackElo "1930"]
[PlyCount "55"]
[EventDate "2014.11.19"]
[EventType "swiss"]
[EventRounds "5"]
[EventCountry "CAN"]
[SourceTitle "EXT 2022"]
[Source "ChessBase"]
[SourceDate "2021.10.06"]
[SourceVersion "1"]
[SourceVersionDate "2021.10.06"]
[SourceQuality "1"]

1. e4 c5 2. Nf3 Nc6 3. d4 cxd4 4. Nxd4 Nf6 5. Nc3 d6 6. Bc4 Qb6 7. Nb3 e6 8. 0-0 Be7 9. Be2 0-0 10. Qd3 a6 11. Qg3 Nb4 12. Bh6 Ne8 13. Be3 Qc7 14. Rac1 b5 15. f4 Bb7 16. a3 Nc6 17. Bf3 Bf6 18. e5 dxe5 19. Ne4 Be7 20. Nbc5 Nf6 21. fxe5 Nxe4 22. Bxe4 Rfd8 23. Nxb7 Qxb7 24. Qf3 Rac8 25. Qxf7+ Kh8 26. Qh5 g6 27. Bxg6 Bf8 28. Rf7 1-0

[Event "Montreal Mercredi 11"]
[Site "Montreal"]
[Date "2014.11.26"]
[Round "2"]
[White "Cardin, Guillaume"]
[Black "Cloutier, Mathieu"]
[Result "0-1"]
[WhiteElo "2047"]
[BlackElo "1992"]
[PlyCount "78"]
[EventDate "2014.11.19"]
[EventType "swiss"]
[EventRounds "5"]
[EventCountry "CAN"]
[SourceTitle "EXT 2022"]
[Source "ChessBase"]
[SourceDate "2021.10.06"]
[SourceVersion "1"]
[SourceVersionDate "2021.10.06"]
[SourceQuality "1"]

1. d4 Nf6 2. c4 c5 3. d5 e6 4. Nc3 exd5 5. cxd5 d6 6. Nf3 g6 7. g3 Bg7 8. Bg2 0-0 9. 0-0 a6 10. a4 Re8 11. Bf4 Nh5 12. Bg5 Qc7 13. Qd2 b6 14. Rfc1 Nd7 15. Rab1 Ndf6 16. Nh4 Ng4 17. h3 Ne5 18. b3 Rb8 19. g4 Nf6 20. Qf4 Nfd7 21. Ne4 b5 22. axb5 axb5 23. Rc3 Nxg4 24. Rf3 Nge5 25. Rg3 Bb7 26. Rd1 Kh8 27. Bh6 Rg8 28. Qg5 f6 29. Bxg7+ Rxg7 30. Nxf6 Nf7 31. Qf4 g5 32. Qf5 Nh6 33. Qe6 Nf8 34. Qe3 gxh4 35. Ne8 Rxe8 36. Qxe8 hxg3 37. Qxf8+ Ng8 38. fxg3 Rxg3 39. Rf1 Bxd5 0-1